Uma familia ingleza (Record no. 45842)

MARC details
000 -Etiqueta do registo
Valores 00386nam a2200157 4500
100 ## - Dados gerais de processamento
Dados gerais 20260313 pory50
101 ## - Língua de publicação
Língua por
102 ## - País de publicação
País PT
200 ## - Titulo e menção de responsabilidade
Título próprio Uma familia ingleza
Informação de outro título scenas da vida do Porto
Primeira menção de responsabilidade Júlio Diniz
210 ## - Publicação
Local de publicação Porto
Nome do editor Livraria Lello & irmão
Data de publicação [S.d.]
215 ## - Descrição física 
Paginação / Volumes 463 p.
675 ## - CDU
Notação 821.134.3-31
801 ## - Fonte de origem
País PT
Regras de catalogação RPC
990 ## - Elementos KOHA
Tipo de documento Livro
Holdings
Aquisição Empréstimo Código de barras Cota Permissão de empréstimo Tipo de documento Nota relativa ao exemplar
Biblioteca Municipal de Redondo Biblioteca Municipal de Redondo 057068 821.134.3-3 DIN   Livro Uma familia ingleza [Sic]

Powered by Koha